La pedagogía diabólica /
Guardat en:
| Autor principal: | |
|---|---|
| Format: | Desconegut |
| Idioma: | Spanish |
| Publicat: |
San José, Costa Rica :
[editor no identificado],
1978.
|
| Matèries: | |
| Etiquetes: |
Afegir etiqueta
Sense etiquetes, Sigues el primer a etiquetar aquest registre!
|
MARC
| LEADER | 000000000a22000000004500 | ||
|---|---|---|---|
| 001 | 002747 | ||
| 041 | 0 | |a spa | |
| 082 | 0 | 4 | |a CR863.4 |b G168p |
| 100 | 1 | |a Gallardo, Jorge | |
| 245 | 1 | 3 | |a La pedagogía diabólica / |c Jorge Gallardo. |
| 260 | 1 | |a San José, Costa Rica : |b [editor no identificado], |c 1978. | |
| 300 | |a 27 páginas | ||
| 650 | 4 | |a LITERATURA COSTARRICENSE | |
| 650 | 4 | |a CUENTOS | |
| 999 | |c 9105 |d 9105 | ||
| 942 | |c BK |h CR863.4 G168p |2 z | ||
